000 00267nam a22000977a 4500
003 OSt
008 210826b ||||| |||| 00| 0 eng d
245 _aUniversity of Calicut- list of textbooks
260 _aUniversity of Calicut
_bUniversity of Calicut
_c1971
942 _cBK
999 _c17389
_d17389